000 00326nam a2200121Ia 4500
008 171211s9999 xx 000 0 und d
020 _a8888816000047
100 _aHall, John E.
245 _aGuyton and Hall Textbook of Medical Physiology
250 _a13th Edition
260 _bElsevier, Inc.
_c2016
300 _a1145 pages
999 _c350908
_d350908